000 00607nam a22001937a 4500
003 0
005 20250429111128.0
008 250426b xxu||||| |||| 00| 0 eng d
020 _a978-621-406-305-5
050 _aHB 615
_b.P333 2021
100 _aPaurom, Ferdinand C.
245 _aEntrepreneurial mind
_cFerdinand C. Paurom
260 _aRecoletos St, Manila
_bMindshapers Co, Inc.
_cc2021
300 _avi, 156 pages;
_c23cm.
504 _aIncludes bibliographical references.
650 _aBusinesspeople—Psychology.
650 _aEntrepreneurship -- Entrepreneurial behavior.
942 _2lcc
_cBK
999 _c367424
_d367424